| 000 | 01323aab a2200205 i 4500 | ||
|---|---|---|---|
| 001 | 768714001 | ||
| 003 | CO-MdFUSB | ||
| 005 | 20240326102626.0 | ||
| 008 | 240318t1992 ag ||||| |||| 00| 0 spa d | ||
| 040 |
_bspa _cCO-MdFUSB |
||
| 041 | _aspa | ||
| 100 | 1 |
_aCamargo López, Jesús _eautor |
|
| 245 | 1 | 0 |
_aRoles sexuales y doble jornada femenina _c/ Jesús Camargo López , Carmen Pérez de Camargo |
| 300 |
_aVolumen 11, número 4 (octubre - diciembre, 1992), páginas, 26 - 28 _c; 27 cm |
||
| 520 | _aLos cambios sociales ocurridos durante las últimas décadas han modificado los roles sexuales afectando las relaciones de la pareja y de la familia moderna. Uno de estos cambios ha sido la esfera de trabajo de la mujer. Según un dicho antiguo: "el mundo es del hombre, el lugar de la mujer está en el hogar". Sin embargo, la irrupción de la industria, la modernidad y el feminismo en las sociedades latinoamericanas ha incorporado a la mujer a la fuerza de trabajo asalariada. Para las familias pobres, el trabao de la mujer por fuera de la casa no es opcional sino una necesidad imperiosa. | ||
| 653 | _aRoles sexuales | ||
| 700 | 1 |
_aPérez de Camargo, Carmen _eautor |
|
| 773 | 0 |
_tIglesia y Misión _049402 _959656 _gVolumen 11, número 4 (octubre - diciembre, 1992), página: 26 - 28 _qpáginas: 26 |
|
| 942 | _cANA | ||
| 999 |
_c51981 _d51981 |
||